Dinge die mit H anfangen (Kenshin Edition) - Statistiken

Allgemein
  • Dieses Quiz wurde 295 mal gespielt
  • Das Durchschnittsergebnis liegt bei 13 aus 16
Antwortstatistiken
Bildquiz Antwort % Korrekt
Hai
100%
Hase
100%
Husten
99%
Handy
97%
Haselnuss
97%
Hirsch
97%
Hummel
94%
Hamburg
90%
Honduras
90%
Haus
88%
Haiti
81%
Helsinki
70%
Hawaii
66%
Hackfleisch
41%
Hogwarts
39%
Hiroshima
21%
Keine übereinstimmenden Quizze gefunden
Verteilung der Resultate
Anzahl Personen mit jedem Resultat
Perzentil nach korrekt beantworteten Fragen
Ihre Resultats-Entwicklung
Sie haben dieses Quiz noch nicht gespielt